|
|
|
|
| LEADER |
01428nam a2200373 a 4500 |
| 001 |
000758868 |
| 003 |
CZ BrMZK |
| 005 |
20180925122257.0 |
| 007 |
ta |
| 008 |
050111s2005 xr gr 000 f cze d |
| 015 |
|
|
|a cnb001412908
|
| 020 |
|
|
|a 80-242-1270-6
|q (váz.)
|
| 040 |
|
|
|a BOA001
|b cze
|
| 041 |
1 |
|
|a cze
|h ger
|
| 072 |
|
7 |
|a 821.112.2-3
|x Německá próza, německy psaná
|2 Konspekt
|9 25
|
| 080 |
|
|
|a 821.112.2(436)-31
|2 MRF
|
| 080 |
|
|
|a (0:82-311.6)
|2 MRF
|
| 100 |
1 |
|
|a Schreiber, Hermann,
|d 1920-2014
|7 xx0003614
|4 aut
|
| 245 |
1 |
0 |
|a Versailleské romány.
|n 1.,
|p Galantní dobrodružství /
|c Hermann Schreiber ; [přeložila Alena Bezděková]
|
| 246 |
3 |
0 |
|a Galantní dobrodružství
|
| 250 |
|
|
|a Vyd. 1.
|
| 260 |
|
|
|a V Praze :
|b Knižní klub,
|c 2005
|
| 300 |
|
|
|a 255 s. ;
|c 21 cm
|
| 500 |
|
|
|a Přeloženo z němčiny
|
| 500 |
|
|
|a Dostupné též v digitální podobě v aplikaci Kramerius
|
| 655 |
|
7 |
|a rakouské romány
|7 fd133222
|2 czenas
|
| 655 |
|
7 |
|a historické romány
|7 fd132414
|2 czenas
|
| 700 |
1 |
|
|a Bezděková, Alena
|7 jn20010309277
|4 trl
|
| 765 |
0 |
|
|t Herbst in Paris
|9 Česky
|
| 765 |
0 |
|
|t Goldene Vlies
|9 Česky
|
| 856 |
4 |
1 |
|u http://www.digitalniknihovna.cz/mzk/uuid/uuid:3e3e5bb0-c162-11e8-bc37-005056827e51
|y Digitalizovaný dokument
|x NDK
|
| 910 |
|
|
|a BOA001
|b 2-1146.087,1
|
| 990 |
|
|
|a BK
|
| 996 |
6 |
|
|b 2610239054
|c 2-1146.087,1
|l MZK
|r Sklad / do 1 hodiny
|n 2
|p p.v.
|w 000758868
|u 000010
|a 1
|e BOA001
|j MZK50
|s P
|